00578nam a2200169 a 450000100100000000500170001000800410002704000250006808200150009310000250010824501160013326000440024930000210029349000160031450000620033083000160039200001761920200929165155.0100329s1986 dr 000 0 spa d aDO-SdBNPbspacBNPHU axxxbL864r1 aLópez Reyes, Oscar10aRelaciones públicas & marketing social :bconceptos y programas para la autogestión /cOscar López Reyes. aSanto Domingo :bPanaméricana,c1986. a222 p. ;c29 cm.1 aHumanidades aIncluye datos biográficos del autor en la contraportada 0aHumanidades